00313nam a2200121Ia 4500008004100000041000800041082001400049100002100063245004500084250001500129260002000144300002700164240624s9999 xx 000 0 und d aeng a657.3 PAL aPALEPU KRISHNA G aBUSINESS ANALYSIS AND VALUATION USING FI a(3 rd ed.) c2007bNew Delhi axiv, : 346. : cm. ; 25